000 00811nam a2200241 i 4500
003 DO-SdBNP
005 20231120102011.0
007 ta
008 110413s1987 dr 000 j spa d
040 _aDO-SdBNP
_bspa
_cBNPHU
_erda
082 _222
245 0 0 _aSobre la bienaventurada virgen María :
_bcarta enciclica Redemptoris mater del sumo pontifice Juan Pablo II, sobre la bienaventurada virgen María en la vida de la iglesia Peregrina /
264 1 _aSanto Domingo :
_bMSC,
_c1987.
300 _a111 páginas
_c21 cm.
336 _2rdacontent
_atexto
_btxt
337 _2rdamedia
_asin mediación
_bn
338 _2rdacarrier
_avolumen
_bnc
490 1 _aDocumentos
_v5
500 _aIncluye notas a pie de páginas.
590 _aInventariado, 2023/ YL
910 _aYLockward
942 _2ddc
_cLBS1
999 _c55523
_d55523